Перестройка идеологии: материалы научно-практической конференции "Актуальные вопросы идеологической работы партии в свете решений XIX Всесоюзной конференции КПСС", 14-15 янв. 1989 г.

Detalles Bibliográficos
Autor Corporativo: Актуальные вопросы идеологической работы партии в свете решений XIX Всесоюзной конференции КПСС научно-практическая конференция
Outros autores: Кириллов Н. П. (редактор)
Idioma:ruso
Publicado: Томск, Томское книжное издательство, 1989
Subjects:
Formato: Libro
KOHA link:https://koha.lib.tpu.ru/cgi-bin/koha/opac-detail.pl?biblionumber=253273

MARC

LEADER 00000nam0a2200000 4500
001 253273
005 20231101232828.0
010 |a 5751501705 
020 |a RU  |b 89-60800 
035 |a (RuTPU)RU\TPU\book\275659 
090 |a 253273 
100 |a 20140312d1989 k y0rusy5003 ca 
101 0 |a rus 
102 |a RU 
105 |a y z 100zy 
200 1 |a Перестройка идеологии  |e материалы научно-практической конференции "Актуальные вопросы идеологической работы партии в свете решений XIX Всесоюзной конференции КПСС", 14-15 янв. 1989 г.  |f под ред. Н. П. Кириллова 
210 |a Томск  |c Томское книжное издательство  |d 1989 
215 |a 200 с. 
606 1 |a Идеологическая работа КПСС  |2 stltpush  |3 (RuTPU)RU\TPU\subj\12184  |9 39016 
610 1 |a Сибирь 
610 1 |a Томск 
610 1 |a КПСС 
610 1 |a идеологическая работа 
610 1 |a перестройка 
610 1 |a конференции 
686 |a Ф61(2)5л0  |2 rubbk 
702 1 |a Кириллов  |b Н. П.  |4 340 
712 1 2 |a Актуальные вопросы идеологической работы партии в свете решений XIX Всесоюзной конференции КПСС  |b научно-практическая конференция  |e Томск  |f 1989 
801 0 |a RU  |b RuMRKP  |c 19950417  |g psbo 
801 1 |a RU  |b 63413507  |c 20140312 
801 2 |a RU  |b 63413507  |c 20140702  |g RCR 
942 |c BK